000 01034nam a2200241 a 4500
003 BD-DhJNU
005 20260129051912.0
008 251108s2023 bg |||g |||| 000 1|ben|d
020 _a9789354254123
040 _aBD-DhJNU
_bben
_cBD-DhJNU
_dBD-DhJNU
041 _aben
082 _a954.9204 NIL
_223
245 1 0 _aনীলকর টমাস ম্যাচেলের দিনলিপি /
_cপার্থসারথি ভৌমিক (অনুবাদক)
246 _aNilkar Tomas Macheller Dinlipi
250 _a1st ed.
260 _aকলকাতা :
_bসিগনেট প্রেস,
_c2023.
300 _a৪৬৮ পৃ. :
_bচিত্র ;
_c২২ সেমি.।
504 _aগ্রন্থপঞ্জিগত নির্দেশিকা ও নিঘন্ট অন্তভূক্ত
650 _aনীলচাষের ইতিহাস
650 _aColonial diary
700 a _aপার্থসারথি ভৌমিক
_eঅনুবাদক
942 _cBK
999 _c2589
_d2589